00634nam a22001817a 4500003000900000008004100009020001800050040007100068082002700139100001800166245010700184260004500291300002900336650002300365650001400388650001300402700003700415AR-CdUCM190423b ||||| |||| 00| 0 spa d a9786124792663 aMUNICIPALIDAD PROVINCIAL DEL CUSCOcBIBLIOTECA MUNICIPAL DEL CUSCO aES/869.56/M2617bM2617 aMartos, Marco aPiura, espejismo de eternidad /cMarco Martos ; [edición a cargo de Houdini Chardin Guerrero Torres] aSullana :bSietevientos Editores,c2019. a293 páginas. :c17 cm. aPoesías peruanas aPoesías aSiglo XX aGuerrero Torres, Houdinieeditor